000 00360nam a22001577a 4500
003 MPLRDC
005 20220104114703.0
008 210129b ||||| |||| 00| 0 eng d
082 _a782.886 DL-2
100 _a邹郎
245 _a戴笠新传
_c
260 _a
_b新时代出版社
_c
300 _b
650 _a戴笠传记
942 _cBK
_o782.886 DL-2
999 _c9428
_d9418